My mother, me and my wife : (Record no. 170116)

MARC details
000 -LEADER
fixed length control field 00619nam a22001817a 4500
005 - DATE AND TIME OF LATEST TRANSACTION
control field 20210901153751.0
010 ## - LCCN (DPL NO)
LC control number ENG-127068 ENG-129815
020 ## - INTERNATIONAL STANDARD BOOK NUMBER
Terms of availability 225.00
International Standard Book Number 9788194290308
035 ## - SYSTEM CONTROL NUMBER
System control number EN-110600 EN-113347
037 ## - SOURCE OF ACQUISITION
Source of stock number/acquisition DBAD/PUB
082 ## - DEWEY DECIMAL CLASSIFICATION NUMBER
Classification number 921
100 ## - MAIN ENTRY--PERSONAL NAME
Personal name Prakasam, V.
245 ## - TITLE STATEMENT
Title My mother, me and my wife :
Statement of responsibility, etc by V. Prakasam
Remainder of title a cognizography in rambling realism /
260 ## - PUBLICATION, DISTRIBUTION, ETC. (IMPRINT)
Place of publication, distribution, etc New Delhi
Name of publisher, distributor, etc Allied Publishers
Date of publication, distribution, etc 2019
270 ## - ADDRESS
Address 1/13,-14, Asaf Ali Road
City New Delhi
Postal code 110002
Electronic mail address books@alliedpublishers.com
Telephone number 011-23239001
300 ## - PHYSICAL DESCRIPTION
Extent xix;160p.
Dimensions 21cm(pbk)
942 ## - ADDED ENTRY ELEMENTS (KOHA)
Source of classification or shelving scheme Dewey Decimal Classification
Item type English Books
Classification part 921
Call number suffix PRA
Holdings
Withdrawn status Lost status Not for loan Collection code Home library Current library Date acquired Source of acquisition Cost, normal purchase price Full call number Barcode Copy number Cost, replacement price Koha item type
      Non-fiction Bawana Bawana 11/12/2019 DBAD/PUB 225.00 921 PRA EN-110600 1 225.00 English Books
      Non-fiction Sarojini Nagar Sarojini Nagar 01/09/2021 DBAD/PUB 225.00 921 PRA EN-113347 1 225.00 English Books

© Delhi Public Library
Hit Counter
free hit counter